000 00416nam a22001577a 4500
008 150703b xxu||||| |||| 00| 0 eng d
020 _a978 1 408254196
082 _a346.07 RIC
100 _aRiches, Sarah
245 _aBusiness law /
_cSarah Riches
250 _a10th ed
260 _aEngland :
_bPEARSON,
_c2011.
300 _axliii, 582p. :
_bill. col. ;
_c25cm.
500 _aIncludes index
942 _2ddc
_cBK
999 _c7346
_d7346